000 00313nam a2200121Ia 4500
008 220204s9999 xx 000 0 und d
082 _a33(548.3)
_bOOM
245 0 _aKerala economy since independence
260 _aNew Delhi
_bOxford & IBH
_c1979
650 _aKerala Economy
700 _aOOMMEN, M A
942 _cBK
999 _c33428
_d33428